<?xml version="1.0" encoding="UTF-8"?>
<record
    xmlns:xsi="http://www.w3.org/2001/XMLSchema-instance"
    xsi:schemaLocation="http://www.loc.gov/MARC21/slim http://www.loc.gov/standards/marcxml/schema/MARC21slim.xsd"
    xmlns="http://www.loc.gov/MARC21/slim">

  <leader>04577nam a2200361 i 4500</leader>
  <controlfield tag="003">AGN</controlfield>
  <controlfield tag="005">20260520135711.0</controlfield>
  <controlfield tag="007">ta</controlfield>
  <controlfield tag="008">260520e20102025dr ao||gco||||||1 |bspa ||spa| </controlfield>
  <datafield tag="011" ind1=" " ind2=" ">
    <subfield code="a">  </subfield>
  </datafield>
  <datafield tag="020" ind1=" " ind2=" ">
    <subfield code="a">978-9945-25-146-3</subfield>
  </datafield>
  <datafield tag="040" ind1=" " ind2=" ">
    <subfield code="a">AGNRD</subfield>
    <subfield code="b">spa</subfield>
    <subfield code="c">DO-SdBNP</subfield>
    <subfield code="e">RDA</subfield>
  </datafield>
  <datafield tag="041" ind1=" " ind2=" ">
    <subfield code="a">spa</subfield>
  </datafield>
  <datafield tag="082" ind1=" " ind2=" ">
    <subfield code="a">RD 864.5 </subfield>
    <subfield code="2">T266c 2025</subfield>
    <subfield code="b">22</subfield>
  </datafield>
  <datafield tag="100" ind1="1" ind2=" ">
    <subfield code="a">Tejeda Ortiz, Dagoberto,</subfield>
    <subfield code="d">1940-</subfield>
    <subfield code="9">20837</subfield>
    <subfield code="e">autor</subfield>
  </datafield>
  <datafield tag="245" ind1="0" ind2=" ">
    <subfield code="a">Contra el olvido /</subfield>
    <subfield code="c">Dagoberto Tejeda Ortiz ; cuidado de edici&#xF3;n a cargo de la Divisi&#xF3;n de Publicaciones ; diagramaci&#xF3;n y dise&#xF1;o de cubierta por Yenifer de la Rosa.</subfield>
  </datafield>
  <datafield tag="264" ind1=" " ind2=" ">
    <subfield code="a">Santo Domingo, Rep&#xFA;blica Dominicana :</subfield>
    <subfield code="b">Archivo General de la Naci&#xF3;n, </subfield>
    <subfield code="c">2025.</subfield>
  </datafield>
  <datafield tag="300" ind1="4" ind2=" ">
    <subfield code="a">Tomo I : </subfield>
    <subfield code="b">ilustraciones, fotograf&#xED;as ; </subfield>
    <subfield code="c">23 x 15 cm.</subfield>
  </datafield>
  <datafield tag="336" ind1=" " ind2=" ">
    <subfield code="a">texto</subfield>
    <subfield code="b">txt</subfield>
    <subfield code="2">rdacontent</subfield>
  </datafield>
  <datafield tag="337" ind1=" " ind2=" ">
    <subfield code="a">sin mediaci&#xF3;n </subfield>
    <subfield code="b">n </subfield>
    <subfield code="2">rdamedia</subfield>
  </datafield>
  <datafield tag="338" ind1=" " ind2=" ">
    <subfield code="a">volumen </subfield>
    <subfield code="b">nc </subfield>
    <subfield code="2">rdacarrier</subfield>
  </datafield>
  <datafield tag="490" ind1="0" ind2=" ">
    <subfield code="a">Archivo General de la Naci&#xF3;n ; </subfield>
    <subfield code="v">volumen 549.</subfield>
  </datafield>
  <datafield tag="500" ind1=" " ind2=" ">
    <subfield code="a">Incluye biograf&#xED;a del autor en la solapa. </subfield>
  </datafield>
  <datafield tag="505" ind1="0" ind2=" ">
    <subfield code="a">Introducci&#xF3;n 13 -- INTELECTUALES : El Hugo Tolentino Dipp que yo conoc&#xED; 21 -- Franklin Franco: El soci&#xF3;logo de la dominicanidad 27 -- Carlos Esteban Deive: Por los caminos del cimarronaje 31 -- Roque Adames Rodr&#xED;guez: La solidaridad del monse&#xF1;or 35 -- ARTISTAS : Norberto James: El poeta cocolo 41 -- Anthony R&#xED;os: El bohemio y la leyenda 47 -- Jos&#xE9; Ignacio: El artista de los metales 53 -- Narciso Gonz&#xE1;lez Medina, Narcisazo: Cuando la poes&#xED;a es contestataria 57 -- Jenny Polanco: Creatividad e identidad cultural 61 -- V&#xED;ctor V&#xED;ctor somos todos 65 -- An&#xED;bal de Pe&#xF1;a: El cantor de la patria 69 -- CARNAVALEROS : Fidelina: La so&#xF1;adora de R&#xED;o San Juan 77 -- Pip&#xED;: El roba la gallina de Ana Isa 81 -- Pap&#xE1; Lilo: El &#xFA;ltimo gran jefe de carnaval 85 -- El chino que se vest&#xED;a de &#xAB;diabla&#xBB; en el carnaval 89 -- Felipe Abreu: Pasi&#xF3;n por el carnaval vegano 95 -- &#xAB;Linda&#xBB;: El &#xFA;ltimo jefe guloya  99 -- Walteryen: El robalagallina de San Crist&#xF3;bal 103 -- Jos&#xE9; Datt: El roba la gallina de Montecristi 109 -- MAESTROS : June Rosenberg: La antrop&#xF3;loga de la isla 115 -- La Yvelisse Prats de P&#xE9;rez que yo conoc&#xED; 119 -- Hermanas Bucarelly: Maestras por amor 123 -- Magaly Pineda: Feminismo y revoluci&#xF3;n 127 -- Chiappini: Odontolog&#xED;a y revoluci&#xF3;n 131 -- Mis tres maestras cocolas 135 -- El Dr. Cantizano: Ra&#xED;ces e identidad 139 -- Josefina Padilla: Hero&#xED;na de la patria 145 -- Do&#xF1;a Rosa: La Flor de Gurabo 151 -- ANCESTROS : Fradique muri&#xF3; para nacer 159 -- M&#xE1;ximo Rodr&#xED;guez: Pasi&#xF3;n por la identidad 165 -- Jos&#xE9; Castillo M&#xE9;ndez: Pasi&#xF3;n por el folklore 169 -- El Miguel Cocco que yo conoc&#xED; 173 -- Sonia Silvestre: La cantora del pueblo y del amor 179 -- Jos&#xE9; Rodr&#xED;guez: El poeta de la ternura 185 -- El Luis D&#xED;as que yo conoc&#xED; 189 -- H&#xE9;ctor Gerardo: La dignidad del &#xAB;Pueblo Abajo&#xBB; 197 -- Corpor&#xE1;n: El campe&#xF3;n de la televisi&#xF3;n dominicana 201 -- Carlos Pimentel: Dignidad y revoluci&#xF3;n 207 -- Temito: El &#xFA;ltimo jefe cach&#xFA;a 211 -- PATRIOTAS : Cuando los Palmeros se llenaron de gloria 219 -- Caama&#xF1;o: El Comandante de Abril 225 -- Donde cay&#xF3; Manolo hay una flor 231 -- El Juan Bosch que yo conoc&#xED; 237 -- Jos&#xE9; Francisco Pe&#xF1;a G&#xF3;mez: El gigante de la luz 241 -- Hamlet: El maestro guerrillero 245 -- Claudio Caama&#xF1;o: El due&#xF1;o de la monta&#xF1;a 249 -- El Moreno: El guerrillero ideol&#xF3;gico 253 -- Fe Ortega: La odont&#xF3;loga revolucionaria 257 -- Las hermanas Mirabal: Las Mariposas de Salcedo 261 -- Mam&#xE1; Ting&#xF3;: M&#xE1;rtir campesina 265 -- Aniana Vargas: Patria y ecolog&#xED;a 271 -- Toribio Pe&#xF1;a J&#xE1;quez: Guerrillero y revolucionario 275 -- Piky Lora: Guerrillera y revolucionaria 281 -- Homero Hern&#xE1;ndez: Pasi&#xF3;n revolucionaria 287 -- Amaury: Con cinco estrellas en la frente 293 -- Iv&#xE1;n Rodr&#xED;guez Pilier: Revolucionario e identidad 299 -- Juan Miguel Rom&#xE1;n: La dignidad revolucionaria 303 -- M&#xE1;ximo G&#xF3;mez: El Napole&#xF3;n de la Guerrilla 309</subfield>
  </datafield>
  <datafield tag="520" ind1=" " ind2=" ">
    <subfield code="a">Se trata de ensayos biogr&#xE1;ficos de personajes tradicionales dominicanos. La expresi&#xF3;n de la cultura, la religi&#xF3;n, los ritos paganos, el carnaval, etc., se desbordan bajo el l&#xE1;piz de Dagoberto Tejeda para dejar plasmadas en nuestras mentes las huellas que nos legaron las personas descritas en estos ensayos.</subfield>
  </datafield>
  <datafield tag="590" ind1=" " ind2=" ">
    <subfield code="a">Inventariado, 2026/WG.</subfield>
  </datafield>
  <datafield tag="650" ind1=" " ind2="7">
    <subfield code="a">Literatura dominicana</subfield>
    <subfield code="9">1994</subfield>
  </datafield>
  <datafield tag="650" ind1=" " ind2="7">
    <subfield code="a">Ensayos dominicanos</subfield>
    <subfield code="9">1961</subfield>
  </datafield>
  <datafield tag="650" ind1=" " ind2=" ">
    <subfield code="9">46794</subfield>
    <subfield code="a">Cultura</subfield>
    <subfield code="x">Rep&#xFA;blica Dominicana</subfield>
  </datafield>
  <datafield tag="700" ind1=" " ind2=" ">
    <subfield code="a">Rosa, Yenifer de la </subfield>
    <subfield code="e">diagramaci&#xF3;n  </subfield>
    <subfield code="e">dise&#xF1;o de cubierta</subfield>
    <subfield code="9">89660</subfield>
  </datafield>
  <datafield tag="710" ind1=" " ind2=" ">
    <subfield code="a">Divisi&#xF3;n de Publicaciones </subfield>
    <subfield code="e">cuidado de edici&#xF3;n </subfield>
    <subfield code="9">89665</subfield>
  </datafield>
  <datafield tag="942" ind1=" " ind2=" ">
    <subfield code="2">ddc</subfield>
    <subfield code="c">LBS1</subfield>
  </datafield>
  <datafield tag="952" ind1=" " ind2=" ">
    <subfield code="0">0</subfield>
    <subfield code="1">0</subfield>
    <subfield code="2">ddc</subfield>
    <subfield code="5">6</subfield>
    <subfield code="7">0</subfield>
    <subfield code="8">PD</subfield>
    <subfield code="a">BNPHU</subfield>
    <subfield code="b">BNPHU</subfield>
    <subfield code="c">CT</subfield>
    <subfield code="d">2026-05-20</subfield>
    <subfield code="l">0</subfield>
    <subfield code="o">RD 864.5 T266c 2025</subfield>
    <subfield code="p">2026-4393</subfield>
    <subfield code="r">2026-05-20</subfield>
    <subfield code="w">2026-05-20</subfield>
    <subfield code="y">LBS1</subfield>
  </datafield>
  <datafield tag="952" ind1=" " ind2=" ">
    <subfield code="0">0</subfield>
    <subfield code="1">0</subfield>
    <subfield code="2">ddc</subfield>
    <subfield code="5">6</subfield>
    <subfield code="7">0</subfield>
    <subfield code="8">PD</subfield>
    <subfield code="a">BNPHU</subfield>
    <subfield code="b">BNPHU</subfield>
    <subfield code="c">CT</subfield>
    <subfield code="d">2026-05-20</subfield>
    <subfield code="l">0</subfield>
    <subfield code="o">RD 864.5 T266c 2025</subfield>
    <subfield code="p">2026-4394</subfield>
    <subfield code="r">2026-05-20</subfield>
    <subfield code="t">e.2</subfield>
    <subfield code="w">2026-05-20</subfield>
    <subfield code="y">LBS1</subfield>
  </datafield>
  <datafield tag="952" ind1=" " ind2=" ">
    <subfield code="0">0</subfield>
    <subfield code="1">0</subfield>
    <subfield code="2">ddc</subfield>
    <subfield code="5">6</subfield>
    <subfield code="7">0</subfield>
    <subfield code="8">PD</subfield>
    <subfield code="a">BNPHU</subfield>
    <subfield code="b">BNPHU</subfield>
    <subfield code="c">CT</subfield>
    <subfield code="d">2026-05-20</subfield>
    <subfield code="l">0</subfield>
    <subfield code="o">RD 864.5 T266c 2025</subfield>
    <subfield code="p">2026-4395</subfield>
    <subfield code="r">2026-05-20</subfield>
    <subfield code="t">e.3</subfield>
    <subfield code="w">2026-05-20</subfield>
    <subfield code="y">LBS1</subfield>
  </datafield>
  <datafield tag="999" ind1=" " ind2=" ">
    <subfield code="c">60791</subfield>
    <subfield code="d">60791</subfield>
  </datafield>
</record>
